00874nam a22002297a 4500003000500000005001700005008004100022010001100063011001100074035001100085040000900096100003700105245014900142260004000291500006000331502009000391650004600481650002000527650002000547650001300567856006400580CHAP20220329143926.0310812s2012 mx r 00010 spa d a103817 a104789 a115479 cCHAP1 aVarela Delgadillo, Oscar Eduardo10aAcondicionamiento osmótico físico químico de semillas de pimiento (Capsicum annuum L.)h[En línea]c/por Oscar Eduardo Varela Delgadillo aChapingo, Méx. :bEl autor,c2012 aPara ver el contenido del material haga clic en la liga aTesis (Ing. Agrónomo specialista en Fitotecnia) -- UACH. Departamento de Fitotecnia14aÁcido giberélicoxEfecto en semillas.14aCapsicum annum.14aChile pimiento.14aOsmosis. 3Finding aiduhttp://10.13.5.2/tesis/115479.pdfzTeclea aqui